[Event "1. Erfurter Frauengroßmeisterturnier"]
[Site "Erfurt"]
[Date "2010.07.03"]
[Round "8.5"]
[White "Boric, Elena"]
[Black "Dworakowska, Joanna"]
[Result "1/2-1/2"]
[WhiteElo "2261"]
[BlackElo "2338"]
[PlyCount "61"]
[EventDate "2010.??.??"]

1. d4 d5 2. Nf3 c6 3. c3 e6 4. Bf4 Nf6 5. e3 c5 6. Nbd2 Nc6 7. Bd3 Bd6 8. Ne5
Qc7 9. Nxc6 bxc6 10. Bxd6 Qxd6 11. Nf3 a5 12. Qe2 cxd4 13. exd4 O-O 14. O-O c5
15. Rac1 a4 16. dxc5 Qxc5 17. Rfd1 Qb6 18. c4 dxc4 19. Bxc4 Bb7 20. b3 axb3 21.
axb3 Ra5 22. Ne5 Rfa8 23. b4 Ra3 24. h3 Bd5 25. Qb2 h6 26. Bxd5 exd5 27. Qd4
Qxd4 28. Rxd4 Rb3 29. Rcd1 Rb8 30. Nc6 Rb6 31. Ne7+ 1/2-1/2

[Event "1. Erfurter Frauengroßmeisterturnier"]
[Site "Erfurt"]
[Date "2010.07.03"]
[Round "8.4"]
[White "Sharevich, Anna"]
[Black "Levushkina, Elena"]
[Result "0-1"]
[WhiteElo "2253"]
[BlackElo "2345"]
[PlyCount "104"]
[EventDate "2010.??.??"]
[WhiteTeam "USV Volksbank Halle e. V."]
[BlackTeam "SC Tarrasch 45 München"]

1. Nf3 d5 2. c4 d4 3. b4 f6 4. Bb2 e5 5. a3 c5 6. bxc5 Bxc5 7. d3 Nh6 8. Nbd2
Nc6 9. g3 O-O 10. Bg2 a5 11. Nb3 Be7 12. a4 Bd7 13. O-O Qe8 14. Bc1 Qh5 15. h4
Ng4 16. Nh2 Nxh2 17. Kxh2 Bg4 18. Bd5+ Kh8 19. f3 Bd7 20. Kg2 Ra7 21. e4 Qe8
22. Bd2 Nb4 23. Nc1 f5 24. Bxb4 axb4 25. exf5 Rxa4 26. Rxa4 Bxa4 27. Nb3 Qd7
28. Be6 Qc7 29. Rf2 Bc6 30. Qc1 b6 31. h5 h6 32. c5 bxc5 33. Qc4 Be8 34. Ra2
Bxh5 35. Nd2 Be8 36. Ne4 Bc6 37. Ra6 Bb7 38. Ra7 Qb6 39. Ra1 Qc6 40. g4 Qb6 41.
Rh1 Bxe4 42. fxe4 Bg5 43. Ra1 Rb8 44. Ra6 Qd8 45. f6 Bxf6 46. Qxc5 b3 47. Ra1
b2 48. Rb1 Qb6 49. Qc4 Bg5 50. Bd5 Qb4 51. Qc7 Qd2+ 52. Kh1 Qc1+ 0-1

[Event "1. Erfurter Frauengroßmeisterturnier"]
[Site "Erfurt"]
[Date "2010.07.03"]
[Round "8.3"]
[White "Jussupow, Ekaterina"]
[Black "Michna, Marta"]
[Result "0-1"]
[WhiteElo "2174"]
[BlackElo "2393"]
[PlyCount "60"]
[EventDate "2010.??.??"]
[WhiteTeam "SK Krumbach"]
[BlackTeam "SK Norderstedt von 1975"]

1. e4 e6 2. d4 d5 3. Nc3 Nf6 4. exd5 exd5 5. Bg5 c6 6. Bd3 Be7 7. Qe2 Nbd7 8.
f4 O-O 9. Nf3 Re8 10. O-O-O Bb4 11. Qd2 Qa5 12. Rhe1 Ne4 13. Bxe4 dxe4 14. Ne5
Nxe5 15. dxe5 Bg4 16. Rxe4 Bxc3 17. bxc3 Qxa2 18. Rb4 Qa1+ 19. Rb1 Qa3+ 20. Rb2
Bxd1 21. Qxd1 Qxc3 22. Kb1 b6 23. Rb3 Qc4 24. Qh5 Re6 25. Rg3 Rg6 26. Qh4 Re8
27. Qh3 h6 28. Bxh6 gxh6 29. f5 Rxg3 30. Qxg3+ Kh7 0-1

[Event "1. Erfurter Frauengroßmeisterturnier"]
[Site "Erfurt"]
[Date "2010.07.03"]
[Round "8.2"]
[White "Zakurdjaeva, Irina"]
[Black "Troyke, Doreen"]
[Result "1-0"]
[WhiteElo "2280"]
[BlackElo "2087"]
[PlyCount "99"]
[EventDate "2010.??.??"]
[WhiteTeam "SC Bad Königshofen 1957"]
[BlackTeam "Erfurter Schachklub"]

1. e4 c5 2. Nf3 d6 3. d4 cxd4 4. Nxd4 Nf6 5. Nc3 a6 6. Be2 Nbd7 7. Be3 Nc5 8.
f3 Bd7 9. g4 h6 10. Qd2 Qc7 11. O-O-O e6 12. h4 g6 13. g5 hxg5 14. hxg5 Rxh1
15. Rxh1 Nh5 16. Qe1 O-O-O 17. f4 Ng7 18. Rh7 Qa5 19. Nb3 Nxb3+ 20. axb3 Bc6
21. Qf2 Qa1+ 22. Nb1 Kb8 23. Bd4 Nh5 24. Rxf7 Bxe4 25. Bf3 Bxf3 26. Qxf3 d5 27.
Qc3 Bd6 28. Be5 Bxe5 29. Qxe5+ Ka8 30. Qc7 Rb8 31. Qb6 Ng3 32. Qxe6 Qa5 33. Re7
Ne4 34. c3 Qc5 35. b4 Qe3+ 36. Kc2 Qxf4 37. Qxd5 Nxg5 38. Kb3 Qf5 39. Re5 Qxb1
40. Rxg5 Rh8 41. Re5 Qf1 42. c4 Qf2 43. Re6 Ka7 44. b5 axb5 45. cxb5 Qf8 46.
b6+ Kb8 47. Qe5+ Ka8 48. Qa5+ Kb8 49. Qa7+ Kc8 50. Rc6+ 1-0

[Event "1. Erfurter Frauengroßmeisterturnier"]
[Site "Erfurt"]
[Date "2010.07.03"]
[Round "8.1"]
[White "Osmanodja, Filiz"]
[Black "Endress, Anna"]
[Result "1-0"]
[WhiteElo "2061"]
[BlackElo "2161"]
[PlyCount "57"]
[EventDate "2010.??.??"]
[WhiteTeam "USV TU Dresden"]
[BlackTeam "TSV Schott Mainz"]

1. e4 c5 2. Nf3 d6 3. d4 cxd4 4. Nxd4 Nf6 5. Nc3 a6 6. Be3 e6 7. Be2 Be7 8. f4
Qc7 9. O-O O-O 10. g4 Nfd7 11. g5 Re8 12. f5 Bf8 13. Nxe6 fxe6 14. Bh5 Qd8 15.
fxe6 Ne5 16. Bf7+ Kh8 17. Bxe8 Qxe8 18. Nd5 Nbc6 19. Nc7 Qd8 20. Nxa8 Nc4 21.
Qf3 Be7 22. g6 N6e5 23. Qh3 Nxg6 24. Bd4 Bf8 25. Rf2 Qe7 26. Raf1 Kg8 27. Rf7
Qd8 28. e7 Bxe7 29. Rxg7+ 1-0

[Event "1. Erfurter Frauengroßmeisterturnier"]
[Site "Erfurt"]
[Date "2010.07.03"]
[Round "7.5"]
[White "Troyke, Doreen"]
[Black "Endress, Anna"]
[Result "0-1"]
[WhiteElo "2087"]
[BlackElo "2161"]
[PlyCount "158"]
[EventDate "2010.??.??"]
[WhiteTeam "Erfurter Schachklub"]
[BlackTeam "TSV Schott Mainz"]

1. g3 d5 2. Bg2 Nf6 3. c4 e6 4. Nf3 dxc4 5. Qa4+ c6 6. Qxc4 b5 7. Qb3 Bb7 8.
O-O Nbd7 9. d3 Be7 10. Nc3 O-O 11. Bg5 b4 12. Bxf6 Nxf6 13. Na4 c5 14. Rfc1 Bd5
15. Qd1 Rc8 16. Nd2 Qd7 17. a3 Bxg2 18. Kxg2 Nd5 19. Kg1 Qb5 20. Rc4 Rc6 21.
Rac1 Rfc8 22. Qc2 bxa3 23. bxa3 Nb6 24. Nxb6 axb6 25. Ne4 Rd8 26. a4 Qa6 27.
Qb3 f5 28. Nc3 Rcd6 29. Nb5 R6d7 30. Rf4 Bg5 31. Qxe6+ Kh8 32. Rcc4 Bxf4 33.
Rxf4 Qb7 34. Qxf5 Qd5 35. Qxd5 Rxd5 36. Kf1 Kg8 37. Ke1 Rc8 38. Rc4 Rf8 39. Re4
Rdf5 40. f4 g5 41. e3 Rd8 42. Ke2 Rfd5 43. d4 gxf4 44. Rxf4 cxd4 45. Nxd4 Rf8
46. Rh4 Ra5 47. Nb5 Rfa8 48. Nc3 Kg7 49. Rg4+ Kf7 50. Rb4 Rc5 51. Ne4 Rc2+ 52.
Kf3 Rxh2 53. Rxb6 Rxa4 54. Ng5+ Kg7 55. Ne6+ Kg8 56. Rb8+ Kf7 57. Nd4 Ra7 58.
Rb6 Rha2 59. Nf5 R2a6 60. Rb4 Rf6 61. Kf4 Kg6 62. e4 h5 63. Rc4 Ra1 64. Rd4
Rf1+ 65. Ke5 Kg5 66. Rd8 Ra1 67. Ne3 Ra5+ 68. Nd5 Rg6 69. Kd4 Kg4 70. Rh8 Rg5
71. Ne3+ Kxg3 72. Nf5+ Kf3 73. Rf8 Ra4+ 74. Kd3 Kg4 75. Rh8 Rg6 76. Nh6+ Kg5
77. Nf7+ Kf6 78. Nd6 Rg3+ 79. Ke2 Ra2+ 0-1

[Event "1. Erfurter Frauengroßmeisterturnier"]
[Site "Erfurt"]
[Date "2010.07.03"]
[Round "7.4"]
[White "Michna, Marta"]
[Black "Zakurdjaeva, Irina"]
[Result "1-0"]
[WhiteElo "2393"]
[BlackElo "2280"]
[PlyCount "119"]
[EventDate "2010.??.??"]
[WhiteTeam "SK Norderstedt von 1975"]
[BlackTeam "SC Bad Königshofen 1957"]

1. Nf3 c5 2. d3 Nc6 3. g3 g6 4. Bg2 Bg7 5. c3 e6 6. a4 Nge7 7. e4 d5 8. O-O O-O
9. Na3 a6 10. Bd2 Rb8 11. Bf4 e5 12. Be3 d4 13. cxd4 cxd4 14. Bd2 b5 15. axb5
axb5 16. b4 Qd6 17. Qb1 h6 18. Rc1 Bd7 19. Rc5 Nd8 20. Nxe5 Bxe5 21. Rxe5 Ne6
22. Rxe6 fxe6 23. Bxh6 Rf7 24. Nc2 Rc8 25. Ne1 Nc6 26. Bd2 e5 27. Ra2 Rcf8 28.
Bh6 Rc8 29. Rb2 Be6 30. h4 Ra8 31. Nf3 Rfa7 32. Kh2 Nxb4 33. Rxb4 Ra1 34. Qc2
Qxb4 35. Qc7 R1a7 36. Qxe5 Qe7 37. Nxd4 Ba2 38. Qxb5 Qf6 39. Nf3 Ra5 40. Qb4
Ra4 41. Qc5 R4a5 42. Qc2 Be6 43. Qc7 R5a7 44. Qe5 Qe7 45. d4 Qd7 46. d5 Bg4 47.
Qg5 Bh5 48. Ne5 Qd6 49. Ng4 Rf7 50. e5 Qc5 51. Nf6+ Kh8 52. Nxh5 gxh5 53. e6
Rh7 54. Qe5+ Kg8 55. Be3 Qb5 56. Bd4 Qc4 57. Qg5+ Kf8 58. Qf6+ Kg8 59. Qg6+ Kf8
60. Qxh7 1-0

[Event "1. Erfurter Frauengroßmeisterturnier"]
[Site "Erfurt"]
[Date "2010.07.03"]
[Round "7.3"]
[White "Levushkina, Elena"]
[Black "Jussupow, Ekaterina"]
[Result "1/2-1/2"]
[WhiteElo "2345"]
[BlackElo "2174"]
[PlyCount "82"]
[EventDate "2010.??.??"]
[WhiteTeam "SC Tarrasch 45 München"]
[BlackTeam "SK Krumbach"]

1. e4 e5 2. Nf3 Nc6 3. d4 exd4 4. Nxd4 Nf6 5. Nxc6 bxc6 6. Bd3 d6 7. O-O Be7 8.
c4 c5 9. Nc3 Ng4 10. Be2 Ne5 11. Be3 O-O 12. f4 Nc6 13. Bf3 Bb7 14. Nd5 Rb8 15.
Qa4 Ba8 16. Rf2 Re8 17. Rd1 Bf6 18. e5 dxe5 19. Bxc5 e4 20. Bg4 Bd4 21. Bxd4
Nxd4 22. Rxd4 c6 23. Bd7 e3 24. Re2 Rxb2 25. Nc3 Rxe2 26. Nxe2 Qh4 27. g3 Qh5
28. Qd1 c5 29. Rd5 Bxd5 30. cxd5 Rb8 31. d6 Qf3 32. Bh3 Qe4 33. d7 Rd8 34. Qe1
f5 35. Qa5 Rxd7 36. Qxc5 Rd8 37. Bf1 Qf3 38. Qc4+ Kh8 39. Nc3 Qf2+ 40. Kh1 Qb2
41. Qc7 Qd2 1/2-1/2

[Event "1. Erfurter Frauengroßmeisterturnier"]
[Site "Erfurt"]
[Date "2010.07.03"]
[Round "7.2"]
[White "Dworakowska, Joanna"]
[Black "Sharevich, Anna"]
[Result "0-1"]
[WhiteElo "2338"]
[BlackElo "2253"]
[PlyCount "132"]
[EventDate "2010.??.??"]
[BlackTeam "USV Volksbank Halle e. V."]

1. e4 c5 2. Nf3 e6 3. d4 cxd4 4. Nxd4 a6 5. Bd3 Bc5 6. Nb3 Ba7 7. Qe2 Nc6 8.
Be3 Nf6 9. f4 d6 10. O-O Bxe3+ 11. Qxe3 e5 12. Nc3 Ng4 13. Qg3 exf4 14. Rxf4 h5
15. h3 h4 16. Qe1 Nge5 17. Qe3 Be6 18. Rf2 Rh6 19. Nd4 Nxd4 20. Qxd4 Rg6 21.
Kh1 Qg5 22. Ne2 Nc6 23. Qb6 Qc5 24. Qxc5 dxc5 25. Nf4 Rf6 26. Raf1 Ne5 27. Nh5
Rg6 28. Nf4 Rf6 29. Nh5 Rg6 30. Nf4 Rh6 31. Be2 O-O-O 32. b3 Kb8 33. Nd3 Nxd3
34. cxd3 a5 35. Rc1 b6 36. Kg1 Rd4 37. Rc3 Rh8 38. Rf1 Kc7 39. Kf2 Kd6 40. Ke3
Ke5 41. Bg4 Bxg4 42. hxg4 h3 43. g3 f6 44. Rc2 Rhd8 45. Rd1 Rxe4+ 46. Kf3 Red4
47. Re2+ Kd6 48. Rh2 Rh8 49. Rhd2 Kc6 50. Re2 h2 51. Kg2 Rxg4 52. Rh1 Rd4 53.
Re3 a4 54. bxa4 Rxa4 55. Re6+ Kd5 56. Rxb6 Rxa2+ 57. Kf3 Rd2 58. Rb7 Rxd3+ 59.
Kg4 g6 60. Rd7+ Kc4 61. Rc1+ Rc3 62. Rh1 Rh5 63. Ra7 Rg5+ 64. Kh4 Rgxg3 65.
Ra4+ Kd5 66. Rd1+ Rgd3 0-1

[Event "1. Erfurter Frauengroßmeisterturnier"]
[Site "Erfurt"]
[Date "2010.07.03"]
[Round "7.1"]
[White "Boric, Elena"]
[Black "Osmanodja, Filiz"]
[Result "1-0"]
[WhiteElo "2261"]
[BlackElo "2061"]
[PlyCount "99"]
[EventDate "2010.??.??"]
[BlackTeam "USV TU Dresden"]

1. e4 c5 2. Nf3 d6 3. d4 cxd4 4. Qxd4 Nc6 5. Bb5 Bd7 6. Bxc6 Bxc6 7. Nc3 Nf6 8.
Bg5 e6 9. O-O Be7 10. Rad1 O-O 11. h3 Qc7 12. Qe3 b5 13. Nd4 b4 14. Nce2 h6 15.
Nxc6 Qxc6 16. Nd4 Qb7 17. Bxf6 Bxf6 18. Rd3 a5 19. Rfd1 Rfc8 20. Qe2 Rc4 21. b3
Rc5 22. Nf3 Qb5 23. Qd2 Rac8 24. c4 bxc3 25. Qc2 Be7 26. a3 Qc6 27. Rd4 e5 28.
Ra4 Rb8 29. Ne1 Rcb5 30. Rc4 Qb6 31. Rxc3 Rxb3 32. Rc8+ $11 Rxc8 33. Qxc8+ Bf8
34. a4 Rb4 35. Qa8 Rc4 36. Nf3 Rxa4 37. Nh4 Ra2 38. Rf1 Rb2 39. Nf5 Qb7 40. Qe8
Qc7 41. Rd1 Rb8 42. Qa4 g6 43. Ne3 Rb4 44. Qe8 Rxe4 45. Nd5 Qc2 46. Ra1 Re2 47.
Rf1 Kg7 48. Qd8 Qc6 49. Qxa5 Rd2 50. Qxd2 1-0

[Event "1. Erfurter Frauengroßmeisterturnier"]
[Site "Erfurt"]
[Date "2010.07.03"]
[Round "6.5"]
[White "Sharevich, Anna"]
[Black "Boric, Elena"]
[Result "1/2-1/2"]
[WhiteElo "2253"]
[BlackElo "2261"]
[PlyCount "108"]
[EventDate "2010.??.??"]
[WhiteTeam "USV Volksbank Halle e. V."]

1. d4 f5 2. Nf3 Nf6 3. c4 d6 4. Nc3 g6 5. Bf4 Bg7 6. e3 O-O 7. h3 e6 8. Be2 Qe7
9. O-O h6 10. Bh2 c6 11. b4 Nbd7 12. b5 Ne8 13. bxc6 bxc6 14. Rb1 Nb6 15. Na4
Bd7 16. Nxb6 axb6 17. Rxb6 Rxa2 18. Rb7 Qd8 19. c5 Bc8 20. Bc4 Bxb7 21. Bxe6+
Kh7 22. Bxa2 Ba6 23. Re1 dxc5 24. Qa4 Bb5 25. Qa7 cxd4 26. exd4 f4 27. Bb1 Qc7
28. Qxc7 Nxc7 29. Nh4 Rd8 30. Bxg6+ Kg8 31. Bxf4 Nd5 32. Be5 Bxe5 33. dxe5 c5
34. e6 Ne7 35. Bf7+ Kg7 36. Re5 Rd5 37. Rxd5 Nxd5 38. Nf5+ Kf8 39. Ne3 Nxe3 40.
fxe3 c4 41. Kf2 c3 42. Bg6 Bc4 43. Bc2 Ke7 44. g4 Kxe6 45. h4 Ke5 46. g5 hxg5
47. hxg5 Be6 48. Ke2 Bg4+ 49. Ke1 Bh5 50. Kf2 Bg4 51. Ke1 Bh5 52. Bb1 Bg4 53.
Bd3 Bh5 54. Bc2 Bg4 1/2-1/2

[Event "1. Erfurter Frauengroßmeisterturnier"]
[Site "Erfurt"]
[Date "2010.07.03"]
[Round "6.4"]
[White "Jussupow, Ekaterina"]
[Black "Dworakowska, Joanna"]
[Result "0-1"]
[WhiteElo "2174"]
[BlackElo "2338"]
[PlyCount "78"]
[EventDate "2010.??.??"]
[WhiteTeam "SK Krumbach"]

1. e4 g6 2. d4 Bg7 3. Nf3 d6 4. Nc3 Nf6 5. Be3 c6 6. Qd2 Ng4 7. Bg5 h6 8. Bh4
Nf6 9. O-O-O g5 10. Bg3 Nh5 11. d5 Bg4 12. Be2 Bxf3 13. Bxf3 Nxg3 14. hxg3 Qa5
15. Rhe1 O-O 16. e5 Bxe5 17. Rxe5 dxe5 18. d6 e6 19. Qe2 Nd7 20. Kb1 Kg7 21.
Be4 f5 22. Bd3 e4 23. Bc4 Qe5 24. Qh5 Rad8 25. f4 exf3 26. gxf3 Nb6 27. f4 Qf6
28. Bb3 Nd5 29. Ne2 b5 30. Bxd5 exd5 31. Nd4 Rxd6 32. fxg5 hxg5 33. c3 Qg6 34.
Qf3 f4+ 35. Ka1 g4 36. Qh1 f3 37. Qh4 Rdf6 38. Re1 f2 39. Re7+ Kg8 0-1

[Event "1. Erfurter Frauengroßmeisterturnier"]
[Site "Erfurt"]
[Date "2010.07.03"]
[Round "6.3"]
[White "Zakurdjaeva, Irina"]
[Black "Levushkina, Elena"]
[Result "0-1"]
[WhiteElo "2280"]
[BlackElo "2345"]
[PlyCount "124"]
[EventDate "2010.??.??"]
[WhiteTeam "SC Bad Königshofen 1957"]
[BlackTeam "SC Tarrasch 45 München"]

1. e4 e5 2. Nf3 Nf6 3. Nxe5 d6 4. Nf3 Nxe4 5. Nc3 Nxc3 6. dxc3 Be7 7. Be3 Nc6
8. Qd2 Be6 9. O-O-O Qd7 10. Kb1 a6 11. Be2 Bf6 12. h4 h6 13. Nd4 Bd5 14. c4
Bxg2 15. Rhg1 Bh3 16. Bf3 Ne5 17. Bxb7 Rb8 18. Bxa6 Nf3 19. Qd3 Nxg1 20. Rxg1
c6 21. Qe4+ Be6 22. f4 d5 23. Qg2 dxc4 24. c3 c5 25. Nxe6 Qxe6 26. Re1 O-O 27.
Bb7 Qb6 28. Bd5 Bxc3 29. Re2 Rfe8 30. Bc1 Rxe2 31. Qxe2 Bf6 32. Bxc4 Qc7 33. h5
Qe7 34. Qc2 Bd4 35. b3 Qf6 36. a4 Bc3 37. Qe4 Rd8 38. Qb7 g6 39. Qg2 Kg7 40.
Qc2 gxh5 41. a5 Bd4 42. Qe4 Qg6 43. f5 Qg4 44. Qc2 Bf6 45. a6 Qd4 46. Qg2+ Kh7
47. Qa2 Qe4+ 48. Qc2 Qe5 49. Qb2 Qxb2+ 50. Bxb2 Bxb2 51. Kxb2 h4 52. Kc3 h3 53.
Bf1 Ra8 54. Bxh3 Rxa6 55. Kc4 Rb6 56. Bg2 Rb4+ 57. Kxc5 Rxb3 58. Bd5 Rc3+ 59.
Kd4 Rc7 60. Bb3 Kg7 61. Ba2 Kf6 62. Bb1 Re7 0-1

[Event "1. Erfurter Frauengroßmeisterturnier"]
[Site "Erfurt"]
[Date "2010.07.03"]
[Round "6.2"]
[White "Endress, Anna"]
[Black "Michna, Marta"]
[Result "0-1"]
[WhiteElo "2161"]
[BlackElo "2393"]
[PlyCount "132"]
[EventDate "2010.??.??"]
[WhiteTeam "TSV Schott Mainz"]
[BlackTeam "SK Norderstedt von 1975"]

1. e4 e6 2. Nf3 b6 3. d4 Bb7 4. Bd3 d6 5. O-O Nd7 6. Qe2 h6 7. Bf4 Ne7 8. Bg3
g6 9. Nbd2 Bg7 10. c3 O-O 11. e5 dxe5 12. Nxe5 Nxe5 13. Bxe5 Bxe5 14. Qxe5 Qd5
15. Qg3 Nf5 16. Qh3 Nd6 17. Rfe1 Qg5 18. Ne4 Nxe4 19. Bxe4 Bxe4 20. Rxe4 Rad8
21. f4 Qf5 22. Qxf5 gxf5 23. Re5 Kg7 24. b4 Kf6 25. a4 Rg8 26. Kf2 h5 27. a5 h4
28. Kf3 Rd6 29. Ra3 Ke7 30. b5 f6 31. Re2 Rd5 32. Rb2 Kd6 33. Ra1 e5 34. fxe5+
fxe5 35. dxe5+ Kxe5 36. Re1+ Kd6 37. axb6 axb6 38. c4 Rd4 39. Rbe2 Rgg4 40.
Re6+ Kd7 41. Re7+ Kc8 42. Ra1 Rxc4 43. Rf7 Rc3+ 44. Kf2 Rf4+ 45. Ke2 Rc5 46.
Ke3 Rb4 47. Rh7 Kb7 48. Rd1 Rb3+ 49. Rd3 Rb2 50. Rd2 Rxd2 51. Kxd2 Rxb5 52. Kc3
f4 53. Rxh4 Rg5 54. Rxf4 Rxg2 55. Rh4 b5 56. Rh8 Kb6 57. h4 Rh2 58. h5 Rh3+ 59.
Kb2 c5 60. h6 Ka5 61. h7 Kb4 62. Kc2 Rh2+ 63. Kd1 c4 64. Ke1 c3 65. Kd1 Kb3 66.
Rc8 Rxh7 0-1

[Event "1. Erfurter Frauengroßmeisterturnier"]
[Site "Erfurt"]
[Date "2010.07.03"]
[Round "6.1"]
[White "Osmanodja, Filiz"]
[Black "Troyke, Doreen"]
[Result "1-0"]
[WhiteElo "2061"]
[BlackElo "2087"]
[PlyCount "113"]
[EventDate "2010.??.??"]
[WhiteTeam "USV TU Dresden"]
[BlackTeam "Erfurter Schachklub"]

1. e4 c5 2. Nf3 b6 3. d4 cxd4 4. Nxd4 Bb7 5. Nc3 g6 6. Bc4 Bg7 7. Be3 Qc8 8.
Bb3 Na6 9. O-O Nc5 10. f3 d6 11. Bc4 Nf6 12. Bb5+ Ncd7 13. a4 O-O 14. Be2 Ne5
15. a5 bxa5 16. Rxa5 Nc4 17. Bxc4 Qxc4 18. Ra4 Qc8 19. Qe2 Qd7 20. Rfa1 a6 21.
Nb3 Rfb8 22. Na5 Bc8 23. Nc4 Qc6 24. Qf2 Rxb2 25. Nxb2 Qxc3 26. Bd4 Qc6 27. Nc4
Nd7 28. Bxg7 Kxg7 29. Qd4+ Kg8 30. Rb4 h5 31. c3 Nc5 32. Nb6 a5 33. Nxc8 Qxc8
34. Rb5 a4 35. Ra3 Qc6 36. c4 Rc8 37. Qd5 Qxd5 38. exd5 Kg7 39. Kf2 Kf6 40. Ke3
Ra8 41. Kd4 Rc8 42. Rb6 Nb3+ 43. Kc3 Nc5 44. Kb4 Ke5 45. Re3+ Kf6 46. Ka3 Ra8
47. Re1 Rc8 48. Reb1 Ke5 49. Re1+ Kf6 50. Reb1 Ke5 51. Rc6 Ra8 52. Rc7 Kf6 53.
Rb6 Nd3 54. c5 Ke5 55. Rxe7+ Kxd5 56. Rxd6+ Kc4 57. Re4+ 1-0

[Event "1. Erfurter Frauengroßmeisterturnier"]
[Site "Erfurt"]
[Date "2010.07.03"]
[Round "5.5"]
[White "Michna, Marta"]
[Black "Troyke, Doreen"]
[Result "1-0"]
[WhiteElo "2393"]
[BlackElo "2087"]
[PlyCount "53"]
[EventDate "2010.??.??"]
[WhiteTeam "SK Norderstedt von 1975"]
[BlackTeam "Erfurter Schachklub"]

1. Nf3 c5 2. d3 Nc6 3. g3 g6 4. Bg2 Bg7 5. O-O e6 6. e4 Nge7 7. c3 O-O 8. h4 d5
9. Qe2 b6 10. h5 Ba6 11. e5 Qd7 12. Re1 h6 13. Bh3 Kh7 14. Nbd2 Rae8 15. Nf1
Qc7 16. N1h2 Ng8 17. Bd2 gxh5 18. Bf4 Nge7 19. Ng5+ Kg8 20. Qxh5 Bxd3 21. Ng4
Bg6 22. Nxh6+ Bxh6 23. Qxh6 Nf5 24. Bxf5 Bxf5 25. Kg2 f6 26. exf6 Qd8 27. Qg7#
1-0

[Event "1. Erfurter Frauengroßmeisterturnier"]
[Site "Erfurt"]
[Date "2010.07.03"]
[Round "5.4"]
[White "Levushkina, Elena"]
[Black "Endress, Anna"]
[Result "1/2-1/2"]
[WhiteElo "2345"]
[BlackElo "2161"]
[PlyCount "145"]
[EventDate "2010.??.??"]
[WhiteTeam "SC Tarrasch 45 München"]
[BlackTeam "TSV Schott Mainz"]

1. e4 c5 2. Nf3 e6 3. c3 Nf6 4. e5 Nd5 5. d4 cxd4 6. cxd4 d6 7. Bc4 Nc6 8. O-O
Be7 9. exd6 Qxd6 10. Nc3 O-O 11. Re1 Rd8 12. Bb3 a6 13. g3 Nf6 14. Bf4 Qd7 15.
Na4 b5 16. Nb6 Qb7 17. Nxa8 Qxa8 18. Re3 Bb7 19. a3 Qa7 20. Rd3 Nd5 21. Bg5 f6
22. Bd2 a5 23. Qe2 Kf7 24. Re1 Bc8 25. Rc1 Bb7 26. Qe4 g6 27. Re1 Bc8 28. Rc1
Qb6 29. Rxc6 Qxc6 30. Bxa5 Rd6 31. Bxd5 exd5 32. Qf4 Bf5 33. Rc3 Qa6 34. Bb4
Rd7 35. Bxe7 Rxe7 36. g4 Be4 37. Ng5+ Kf8 38. Nxe4 Rxe4 39. Qh6+ Ke8 40. Re3
Qe6 41. Rxe4 dxe4 42. Qf4 h5 43. h3 hxg4 44. Qxg4 f5 45. Qg3 Qc6 46. Kh2 Kf7
47. b3 Qc2 48. Kg2 Qc1 49. Qe3 Qxa3 $11 50. d5 Qd6 51. Qd4 b4 52. Qc4 Kf6 53.
h4 Ke5 54. Kg1 f4 55. Qb5 f3 56. Kh2 Kf6+ 57. Kg1 Ke5 58. Kh2 e3 59. fxe3 Ke4+
60. Kh3 Kxe3 61. Qc4 Qd7+ 62. Kg3 Qd6+ 63. Kh3 Qe5 64. Qc1+ Kf2 65. Qc5+ Kf1
66. Qc4+ Qe2 67. Qc1+ Qe1 68. Qc4+ Kf2 69. Qc5+ Ke2 70. Qc4+ Kf2 71. Qc5+ Ke2
72. Qc4+ Kf2 73. Qc5+ 1/2-1/2

[Event "1. Erfurter Frauengroßmeisterturnier"]
[Site "Erfurt"]
[Date "2010.07.03"]
[Round "5.3"]
[White "Dworakowska, Joanna"]
[Black "Zakurdjaeva, Irina"]
[Result "0-1"]
[WhiteElo "2338"]
[BlackElo "2280"]
[PlyCount "48"]
[EventDate "2010.??.??"]
[BlackTeam "SC Bad Königshofen 1957"]

1. e4 e5 2. Nf3 Nc6 3. Bc4 Bc5 4. d3 Nf6 5. Nbd2 d6 6. c3 O-O 7. Bb3 a6 8. h3
Ba7 9. Nf1 d5 10. Qe2 h6 11. g4 dxe4 12. dxe4 Be6 13. Ng3 Na5 14. g5 Nxb3 15.
axb3 Nh7 16. gxh6 g6 17. b4 Qf6 18. Nd2 Ng5 19. Qf1 Rfd8 20. Qg2 Rxd2 21. Kxd2
Bb3 22. Nf5 Qd8+ 23. Ke2 Bc4+ 24. Ke1 Qd3 {ZÜ von weiß} 0-1

[Event "1. Erfurter Frauengroßmeisterturnier"]
[Site "Erfurt"]
[Date "2010.07.03"]
[Round "5.2"]
[White "Boric, Elena"]
[Black "Jussupow, Ekaterina"]
[Result "1-0"]
[WhiteElo "2261"]
[BlackElo "2174"]
[PlyCount "59"]
[EventDate "2010.??.??"]
[BlackTeam "SK Krumbach"]

1. d4 d5 2. Nf3 Nf6 3. Bf4 e6 4. e3 Bd6 5. Bg3 Nbd7 6. Nbd2 b6 7. Bb5 Bb7 8.
Ne5 O-O 9. f4 c5 10. O-O Rc8 11. f5 cxd4 12. Nxd7 Bxg3 13. Nxf6+ Qxf6 14. hxg3
dxe3 15. fxe6 Qxe6 16. Nf3 d4 17. Bd3 Qd5 18. Qe2 Rc6 19. Nh4 Qe5 20. Rf4 Rd6
21. Raf1 f6 22. Nf5 Rd7 23. Qh5 Rc8 24. Qg4 Rcd8 25. Rxd4 h5 26. Qg6 Kf8 27.
Rxd7 Rxd7 28. Qxh5 Qc5 29. Qh8+ Kf7 30. Qxg7+ 1-0

[Event "1. Erfurter Frauengroßmeisterturnier"]
[Site "Erfurt"]
[Date "2010.07.03"]
[Round "5.1"]
[White "Sharevich, Anna"]
[Black "Osmanodja, Filiz"]
[Result "1-0"]
[WhiteElo "2253"]
[BlackElo "2061"]
[PlyCount "61"]
[EventDate "2010.??.??"]
[WhiteTeam "USV Volksbank Halle e. V."]
[BlackTeam "USV TU Dresden"]

1. e4 c5 2. b3 Nc6 3. Bb2 d6 4. Bc4 e5 5. Nc3 Be6 6. Nge2 Nge7 7. O-O d5 8.
exd5 Nxd5 9. Nxd5 Bxd5 10. f4 Bxc4 11. bxc4 Bd6 12. Ng3 O-O 13. Qg4 Nd4 14.
Bxd4 exd4 15. Nh5 g6 16. f5 Kh8 17. f6 Rg8 18. Ng3 Bxg3 19. hxg3 Qd6 20. Qg5
Rae8 21. Rae1 b6 22. d3 Re6 23. Rxe6 Qxe6 24. Rf4 Qe1+ 25. Kh2 Qe3 26. Qd5 Qe6
27. Qf3 Qd7 28. Re4 Re8 29. Qf4 Rg8 30. Re7 Qc6 31. Rxf7 1-0

[Event "1. Erfurter Frauengroßmeisterturnier"]
[Site "Erfurt"]
[Date "2010.07.03"]
[Round "4.5"]
[White "Jussupow, Ekaterina"]
[Black "Sharevich, Anna"]
[Result "0-1"]
[WhiteElo "2174"]
[BlackElo "2253"]
[PlyCount "92"]
[EventDate "2010.??.??"]
[WhiteTeam "SK Krumbach"]
[BlackTeam "USV Volksbank Halle e. V."]

1. e4 c5 2. Nf3 e6 3. d4 cxd4 4. Nxd4 a6 5. Bd3 Bc5 6. Nb3 Ba7 7. O-O Nc6 8.
Nc3 Nf6 9. Kh1 d6 10. Qe2 Ne5 11. Bf4 Ng6 12. Bg5 h6 13. Be3 Bxe3 14. Qxe3 e5
15. f3 Be6 16. Rad1 O-O 17. Rd2 Qe7 18. Rfd1 Rad8 19. Qb6 Rd7 20. Bf1 Rfd8 21.
Qa5 h5 22. Na4 h4 23. Nb6 Rc7 24. c4 Nh5 25. c5 Ng3+ 26. Kg1 Bxb3 27. axb3 Rxc5
28. Qxc5 dxc5 29. Rxd8+ Kh7 30. Bc4 Qg5 31. hxg3 hxg3 32. Kf1 Qh5 33. Nd5 Qh1+
34. Ke2 Qxg2+ 35. Kd3 Qxf3+ 36. Kc2 Qxd1+ 37. Kxd1 g2 38. Kc2 g1=Q 39. Nc3 b5
40. Bd5 Nh4 41. Rf8 b4 42. Ne2 Qe3 43. Bc4 Nf3 44. Rxf7 Qd2+ 45. Kb1 Qd1+ 46.
Ka2 Nd2 0-1

[Event "1. Erfurter Frauengroßmeisterturnier"]
[Site "Erfurt"]
[Date "2010.07.03"]
[Round "4.4"]
[White "Zakurdjaeva, Irina"]
[Black "Boric, Elena"]
[Result "1/2-1/2"]
[WhiteElo "2280"]
[BlackElo "2261"]
[PlyCount "175"]
[EventDate "2010.??.??"]
[WhiteTeam "SC Bad Königshofen 1957"]

1. e4 d5 2. exd5 Qxd5 3. Nc3 Qd6 4. d4 Nf6 5. Bd3 a6 6. Nge2 Bg4 7. f3 Bh5 8.
Bf4 Qd7 9. Ng3 Bg6 10. Nge4 Nxe4 11. fxe4 e6 12. d5 Bb4 13. O-O O-O 14. Qf3 Qe7
15. Qg3 Bxc3 16. bxc3 exd5 17. exd5 Qc5+ 18. Kh1 Qxd5 19. c4 Qc6 20. Rae1 Nd7
21. Bxc7 Rfe8 22. h3 Nc5 23. Be5 Nxd3 24. cxd3 b5 25. cxb5 axb5 26. Ba1 Qd5 27.
Rxe8+ Rxe8 28. Re1 Rxe1+ 29. Qxe1 h6 30. Qe8+ Kh7 31. Qf8 f6 32. Qe7 Qxd3 33.
Kh2 Qd2 34. Qc7 Be4 35. Qg3 Qxa2 36. Bc3 Qc2 37. Bb4 Qc4 38. Bf8 Bg6 39. Qb8
Qf7 40. Bd6 Bd3 41. Bf8 Qg6 42. Qf4 Be4 43. Qf2 h5 44. Qe2 Qf5 45. Bd6 Qd5 46.
Bb4 Qe5+ 47. Kh1 Qf5 48. Kg1 Bc6 49. Bf8 Qg6 50. Kh2 f5 51. Bb4 f4 52. Be1 Qf5
53. Bc3 f3 54. Qf2 Qf4+ 55. Kg1 Qc1+ 56. Be1 Qg5 57. Qc2+ Kh8 58. g3 Qd5 59.
Bf2 b4 60. g4 b3 61. Qc1 hxg4 62. hxg4 Bd7 63. Qf4 Qe6 64. Qh2+ Kg8 65. Qb8+
Be8 66. g5 Qg4+ 67. Kf1 Qh3+ 68. Ke1 Qe6+ 69. Kf1 g6 70. Kg1 b2 71. Qxb2 Qg4+
72. Kf1 Qc4+ 73. Ke1 Bb5 74. Bg3 Qf1+ 75. Kd2 Qd3+ 76. Kc1 Qe3+ 77. Qd2 Qa3+
78. Kc2 Ba4+ 79. Kb1 Qb3+ 80. Ka1 Qd1+ 81. Qxd1 Bxd1 82. Kb2 Kf7 83. Kc1 Be2
84. Kd2 Ke6 85. Bf4 Kf5 86. Be3 Ke4 87. Bb6 Kf4 88. Be3+ 1/2-1/2